000 00627nam a2200181Ia 4500
003 GCL
008 140319s9999 xx 000 0 ara d
040 _aGCL /
_cGCL
082 0 4 _a251.6
_bم ا
100 1 _aمحمد مصطفى شلبى
245 1 0 _aاصول الفقة الاسلامى فى المقدمة التعريفية بالاصول وادلة الاحكام وقواعد الاستنباط /
_cمحمد مصطفى شلبى
300 _a573 ص
490 _a
650 0 4 _aالفقه الاسلامى
650 0 4 _aالفقه الحنفى
650 0 4 _aالفقه الاسلامى، اصول
942 _2ddc
_cBK
999 _c39677
_d39677